| 000 | 01184nam2a22002651 4500 | ||
|---|---|---|---|
| 001 | RU\NLR\INFOCOMM15\1000137983 | ||
| 005 | 20250617125305.0 | ||
| 035 | _a(NLR Aleph) 002612438 | ||
| 090 |
_a3542521 _c3542521 |
||
| 100 | _a20040617d1884 |||y0rusy50 ca | ||
| 101 | 0 | _arus | |
| 102 | _aRU | ||
| 105 | _ay ||||||||| | ||
| 200 | 1 |
_aНена Сагиб, или Восстание в Индии. (Окончание) _fД. Рэтклиф |
|
| 210 |
_d1884 _aБ. м. |
||
| 423 | 0 |
_12001#$aБумажная принцесса. (Начало)$fГоттшаль Р. _1700#1$aГоттшаль$bР. _tБумажная принцесса. (Начало) _aГоттшаль, Р. |
|
| 461 | 0 |
_1001RU\NLR\INFOCOMM15\1000137841 _12001#$aПереводы отдельных романов$eЕжемес. журн.$v1884, Май/июнь _93070320 _cСПб. _d1867-1887, 1890 _nЕ.Э. Лебедева _oЕжемес. журн. _tПереводы отдельных романов _v1884, Май/июнь |
|
| 700 | 1 |
_aРэтклиф _bД. _4070 |
|
| 801 | 1 |
_aRU _bInfoComm _c20040617 |
|
| 801 | 0 |
_aRU _bNLR _gPSBO |
|
| 852 |
_aNLR _j3/2250 |
||
| 942 | _cISSUE | ||
| 980 | _aNB | ||
| 980 | _aRUSPER | ||